000 00304nam a22001337a 4500
008 190306b xxu||||| |||| 00| 0 eng d
020 _a9780805384802
041 _aeng
080 _24th
_a579
100 _a9
101 _aMIK
245 _aMicrobiology an Introduction
_cTortora,G.J
942 _2udc
_cBK
999 _c54610
_d54610